000 00447nab a2200145Ia 4500
003 ES-SlBCS
005 20210601125232.0
008 140529s1973 xxu||||| |||| 00| 0 eng d
041 _aeng
100 1 _aGyekye, Kwame
_9155789
245 0 3 _aAn Examination of the Bundle-Theory of Substance
_c Kwame Gyekye
650 0 4 _aSubstancia
_9132153
773 0 _tPhilosophy and Phenomenological Research
_gvol. 34, 1973, págs. 51-61
_wRev1411
942 _cAR
999 _c526990
_d526990